Picardie en images - Statistiques

Statistiques générales
  • Ce quiz a été pris 135 fois
  • Le résultat moyen est 12 sur 18
Statistiques - réponses
Par images Hint Réponse % Correct
Homme politique Emmanuel Macron
100%
Parc d'attractions Parc Astérix
99%
Ville Amiens
96%
Alcool Champagne
91%
Youtubeur Michou
90%
Spécialité culinaire Crème chantilly
89%
Film Les Visiteurs
88%
Évènement historique Armistice de 1918
75%
Écrivain Jean de la Fontaine
75%
Roi et Empereur Charlemagne
66%
Estuaire Baie de Somme
65%
Résidence Maison de {Jules Verne}
64%
Chanteur Grégoire
62%
Château Château de {Pierrefonds}
50%
Club sportif Saint-Quentin Basketball
44%
Ville Soissons
28%
Musée Historial de la Grande Guerre
21%
Château Château de {Villers-Cotterêts}
17%
Aucun quiz correspondant
Distribution des résultats
% des personnes avec chaque résultat
Percentile par nombre de réponses
Votre historique - résultats
Vous n’avez pas pris ce quiz